| 000 | 00561nam a22001817a 4500 | ||
|---|---|---|---|
| 003 | OSt | ||
| 005 | 20140310181753.0 | ||
| 008 | 130628t xxu||||| |||| 00| 0 eng d | ||
| 020 | _a9715740030 | ||
| 050 |
_aHF 5728 _b.L869 1997 |
||
| 082 |
_aFIL 411 _bL78 1997 |
||
| 100 | _aLorenzo, Carmelita Siazon | ||
| 245 |
_aKorespondensya opisyal at pagsulat ng ulat sa wikang Filipino / _cCarmelita Siazon-Lorenzo at Diosdado F. Cruz |
||
| 260 |
_aQuezon City : _bKatha Publishing Co., Inc., _c1997. |
||
| 300 |
_a189 p. : _c26 cm. |
||
| 942 |
_2lcc _cBK |
||
| 999 |
_c3339 _d3339 |
||